000 00970nam a2200289 a 4500
001 24374
003 CO-ViMGA
008 141112s2004 ck r 000 u spa d
020 _a9789588445182
040 _aCO-ViMGA
_bspa
_cCO-ViMGA
041 _aSPA
090 _aA WIL2
100 1 _aWild, Margaret
_935795
245 1 0 _aBeso, beso! /
_cMargaret Wild ; ilustraciones Bridget Strevens - Marzo ; traducción Verónica Uribe
250 _a2a ed.
260 _aCaracas :
_bEkaré,
_c2011
300 _a22 p. : il. col. : il.
650 1 4 _aANIMALES DE LA SELVA - LIBROS DE IMAGENES
_935796
650 1 4 _aAUTORES AUSTRALIANOS
_9460
650 1 4 _aBESOS - LIBROS DE IMAGENES
_935797
650 1 4 _aDESDE LOS 18 MESES
_935798
650 1 4 _aLEER ES MI CUENTO - COLECCION 2011
_935799
650 1 4 _aRELACION PADRES - HIJOS - LIBROS DE IMAGENES
_935800
700 1 _aStrevens - Marzo, Bridget
_935801
700 1 _aUribe, Verónica, 1967 -
_92513
942 _2ddc
_cBK
999 _c2271
_d2271